[Event "4NCL Division 4 South"]
[Site "Daventry, ENG"]
[Date "2019.05.06"]
[Round "11.154"]
[White "Sloan, Hamish"]
[Black "Farahi-Far, Mohammad"]
[Result "1-0"]
[WhiteElo "1518"]
[BlackElo "1235"]
[PlyCount "151"]
[EventDate "2019.05.06"]
[WhiteTeam "The Pitstop"]
[BlackTeam "Barnet Knights 3"]

1. e4 c5 2. Nf3 Nc6 3. d4 cxd4 4. Nxd4 g6 5. Be3 Nf6 6. f3 Bg7 7. c3 O-O 8. Bc4
d6 9. Nb3 Bd7 10. Na3 a6 11. O-O Ne5 12. Be2 Qc7 13. Qd2 Rfe8 14. Rfd1 Bc6 15.
Nd4 Bd7 16. c4 Rec8 17. Rac1 b6 18. b3 Nc6 19. Nac2 Rd8 20. Nxc6 Bxc6 21. Nb4
e6 22. Nxc6 Qxc6 23. Qb4 Rab8 24. Rd3 Bf8 25. Rcd1 Rd7 26. Qd2 Rbd8 27. Bg5 Be7
28. Qf4 Ne8 29. Bxe7 Rxe7 30. Qd2 Red7 31. Kf1 e5 32. Qe3 Qc5 33. Kf2 Kg7 34.
Qxc5 bxc5 35. Ke3 a5 36. f4 f6 37. h4 h6 38. g4 exf4+ 39. Kxf4 g5+ 40. hxg5
hxg5+ 41. Ke3 Nc7 42. Rh1 Rh8 43. Rdd1 Na6 44. Bd3 Nb4 45. Bb1 Nc6 46. Rxh8
Kxh8 47. Rh1+ Kg8 48. Rh6 Kg7 49. Rh2 Ne5 50. Rg2 Kg6 51. Bd3 Rh7 52. Be2 Rh3+
53. Kd2 Kh6 54. Kc2 Re3 55. Kb2 Rxe4 56. Ka3 Rd4 57. Ka4 Rd2 58. Bf1 Rxg2 59.
Bxg2 Nxg4 60. Kxa5 Ne3 61. Bc6 Kg7 62. Kb6 Kf7 63. a4 Nc2 64. Bd7 Ke7 65. Bf5
Nb4 66. a5 Kd8 67. a6 Nxa6 68. Kxa6 Kc7 69. Kb5 Kd8 70. Kc6 Ke7 71. Kd5 Kf7 72.
Kxd6 Kg7 73. Kxc5 Kh6 74. Kd4 Kh5 75. Ke4 g4 76. Kf4 1-0

[Event "4NCL Division 4 South"]
[Site "Daventry, ENG"]
[Date "2019.05.06"]
[Round "11.155"]
[White "Ibrahim, Amir"]
[Black "Fernando, Manel"]
[Result "0-1"]
[WhiteElo "1300"]
[BlackElo "1486"]
[PlyCount "74"]
[EventDate "2019.05.06"]
[WhiteTeam "Barnet Knights 3"]
[BlackTeam "The Pitstop"]

1. e4 c5 2. Nf3 Nc6 3. d4 cxd4 4. Nxd4 e5 5. Nf3 d6 6. Nc3 Be7 7. Bc4 Nf6 8.
O-O O-O 9. Be3 Bg4 10. h3 Bh5 11. Be2 Bg6 12. Bd3 a6 13. Nd5 Nxe4 14. Nxe7+
Qxe7 15. Re1 h6 16. Bxh6 Nxf2 17. Bg5 Qxg5 18. Nxg5 Nxd1 19. Raxd1 Bxd3 20.
cxd3 Nd4 21. Re4 Rac8 22. Nf3 f5 23. Rh4 Nxf3+ 24. gxf3 Rc2 25. Rb4 Rf6 26.
Rxb7 Rg6+ 27. Kf1 Rg3 28. Rb6 Rxh3 29. Kg1 Rxf3 30. b4 d5 31. Rxa6 Rg3+ 32. Kf1
f4 33. Ra3 d4 34. Re1 f3 35. Rb3 Rh3 36. Kg1 Rg2+ 37. Kf1 Rh1# 0-1

[Event "4NCL Division 4 South"]
[Site "Daventry, ENG"]
[Date "2018.11.18"]
[Round "2.11"]
[White "Howell, Oliver W"]
[Black "Hurney, Kevin"]
[Result "0-1"]
[WhiteElo "2005"]
[BlackElo "2147"]
[PlyCount "78"]
[EventDate "2018.11.18"]
[WhiteTeam "West is Best 3"]
[BlackTeam "Shropshire 2"]

1. Nf3 Nf6 2. g3 g6 3. Bg2 c5 4. c4 Bg7 5. O-O O-O 6. Nc3 d6 7. d4 cxd4 8. Nxd4
a6 9. b3 Nbd7 10. Bb2 Qb6 11. Qd2 Ne5 12. Rac1 Bd7 13. Nf3 Nc6 14. Nd5 Nxd5 15.
cxd5 Bxb2 16. Qxb2 Nb4 17. Qd2 a5 18. Rc4 f6 19. h4 Rac8 20. Rfc1 Rxc4 21. Rxc4
Rc8 22. Rxc8+ Bxc8 23. h5 Kg7 24. h6+ Kf8 25. Ng5 Kg8 26. Ne4 Qc7 27. a3 Na6
28. b4 axb4 29. axb4 Qc4 30. Qe3 Kf7 31. Kh2 Bf5 32. Nd2 Qxb4 33. Be4 Qc5 34.
Qf3 Bxe4 35. Qxe4 Qxf2+ 36. Kh1 Nc5 37. Qb4 Qxe2 38. Qa5 Qe1+ 39. Kh2 Ne4 0-1

[Event "4NCL Division 4 South"]
[Site "Daventry, ENG"]
[Date "2018.11.18"]
[Round "2.12"]
[White "Paul, Nathanael"]
[Black "Hurtado Oldridge, Felipe"]
[Result "1/2-1/2"]
[WhiteElo "2050"]
[BlackElo "1943"]
[PlyCount "113"]
[EventDate "2018.11.18"]
[WhiteTeam "Shropshire 2"]
[BlackTeam "West is Best 3"]

1. e4 e6 2. d4 d5 3. Nc3 dxe4 4. Nxe4 Bd7 5. Nf3 Bc6 6. Bd3 Nd7 7. O-O Ngf6 8.
Bg5 Be7 9. Qe2 Bxe4 10. Bxe4 Nxe4 11. Bxe7 Ng3 12. fxg3 Qxe7 13. Rae1 O-O 14.
Kh1 c6 15. c4 Qd6 16. Rd1 Rad8 17. Qc2 f6 18. Rfe1 Rfe8 19. Rd2 b5 20. b3 Rb8
21. Rde2 bxc4 22. bxc4 c5 23. dxc5 Nxc5 24. g4 g5 25. Rd2 Qf4 26. Rd4 Qc7 27.
Nd2 Rbd8 28. Rxd8 Qxd8 29. Ne4 Qd4 30. Nxc5 Qxc5 31. Rb1 Qd4 32. c5 Rc8 33. c6
Rc7 34. h3 Qd5 35. Rc1 Kg7 36. Kh2 Qe5+ 37. Kh1 Qd5 38. a4 a5 39. Qc3 e5 40.
Kh2 e4 41. Kg1 Qd3 42. Qc5 Qd2 43. Rc3 Kh6 44. Qf8+ Kg6 45. Qg8+ Kh6 46. Qf8+
Kg6 47. Qc5 Kh6 48. Rc4 e3 49. Re4 e2 50. Qf8+ Kg6 51. Qe8+ Kh6 52. Rxe2 Qc1+
53. Re1 Qxc6 54. Qxc6 Rxc6 55. Rf1 Kg6 56. Rf5 h5 57. Rxa5 1/2-1/2

[Event "4NCL Division 4 South"]
[Site "Daventry, ENG"]
[Date "2018.11.18"]
[Round "2.13"]
[White "Jukes, Sam"]
[Black "Zdanowski, Adrian"]
[Result "1-0"]
[WhiteElo "1880"]
[BlackElo "2042"]
[PlyCount "31"]
[EventDate "2018.11.18"]
[WhiteTeam "West is Best 3"]
[BlackTeam "Shropshire 2"]

1. e4 d6 2. d4 Nf6 3. Nc3 g6 4. f4 Bg7 5. Nf3 a6 6. Bd3 O-O 7. O-O b5 8. e5
Nfd7 9. Ng5 e6 10. f5 dxe5 11. fxe6 Nb6 12. exf7+ Kh8 13. Nxh7 Qxd4+ 14. Kh1
Kxh7 15. Qh5+ Bh6 16. Qxh6# 1-0

[Event "4NCL Division 4 South"]
[Site "Daventry, ENG"]
[Date "2018.11.18"]
[Round "2.14"]
[White "Jamieson, Ian"]
[Black "Hurley, Jake"]
[Result "0-1"]
[WhiteElo "2065"]
[BlackElo "1901"]
[PlyCount "44"]
[EventDate "2018.11.18"]
[WhiteTeam "Shropshire 2"]
[BlackTeam "West is Best 3"]

1. b3 e5 2. Bb2 Nc6 3. e3 d5 4. Bb5 Bd6 5. c4 Nge7 6. c5 Bxc5 7. Bxe5 O-O 8.
Bb2 d4 9. Qc2 Qd5 10. Bf1 Nb4 11. Qc4 Qxc4 12. bxc4 dxe3 13. fxe3 Nc2+ 14. Kf2
f5 15. d4 f4 16. dxc5 fxe3+ 17. Ke2 Rf2+ 18. Kd1 Rxf1+ 19. Kxc2 Bf5+ 20. Kb3
Bxb1 21. Bc3 Rd8 22. Kb2 Rdd1 0-1

[Event "4NCL Division 4 South"]
[Site "Daventry, ENG"]
[Date "2018.11.18"]
[Round "2.15"]
[White "Fowler, Hugo"]
[Black "Portman, Carl S"]
[Result "0-1"]
[WhiteElo "1799"]
[BlackElo "1967"]
[PlyCount "64"]
[EventDate "2018.11.18"]
[WhiteTeam "West is Best 3"]
[BlackTeam "Shropshire 2"]

1. e4 e6 2. d4 d5 3. e5 c5 4. c3 Nc6 5. Nf3 Bd7 6. Be2 cxd4 7. cxd4 Bb4+ 8. Nc3
Nh6 9. Bxh6 gxh6 10. Qd2 Qa5 11. Rc1 O-O-O 12. a3 Bxc3 13. Rxc3 Kb8 14. b4 Qb6
15. Rc5 Rdg8 16. O-O Ne7 17. Qxh6 Rg6 18. Qf4 Rhg8 19. Nh4 R6g7 20. g3 a6 21.
Rfc1 Bb5 22. Bxb5 axb5 23. h3 Nc6 24. Qe3 Rg5 25. Qd3 Rh5 26. Kh2 Rg7 27. Nf3
Na7 28. Nd2 Rf5 29. f4 f6 30. Rxd5 exd5 31. Qxf5 Qxd4 32. exf6 Qxd2+ 0-1

[Event "4NCL Division 4 South"]
[Site "Daventry, ENG"]
[Date "2018.11.18"]
[Round "2.16"]
[White "Clarke, Neil"]
[Black "Harris, Calum"]
[Result "0-1"]
[WhiteElo "1960"]
[BlackElo "1747"]
[PlyCount "100"]
[EventDate "2018.11.18"]
[WhiteTeam "Shropshire 2"]
[BlackTeam "West is Best 3"]

1. d4 Nf6 2. Bf4 d5 3. e3 c5 4. Nf3 Qb6 5. Nc3 Bd7 6. a4 a6 7. Qd2 e6 8. Bd3
Nc6 9. O-O cxd4 10. exd4 Nxd4 11. Nxd4 Qxd4 12. Be3 Qh4 13. Bg5 Qh5 14. Be2 Qg6
15. Bd3 Qh5 16. Ne2 Bd6 17. f4 Bc5+ 18. Kh1 Ng4 19. h3 Nf2+ 20. Rxf2 Bxf2 21.
Rf1 h6 22. Rxf2 hxg5 23. fxg5 e5 24. Ng3 Qh4 25. Nf5 Bxf5 26. Rxf5 O-O 27. Rxe5
Rad8 28. Qe2 g6 29. Qe3 Qxa4 30. Qf3 Rfe8 31. Qf6 Qc6 32. Qxc6 bxc6 33. Rxe8+
Rxe8 34. Bxa6 c5 35. b3 Re1+ 36. Kh2 Rc1 37. Bb7 Rxc2 38. Bxd5 Re2 39. h4 Kg7
40. Kg3 Rd2 41. Bc4 Rd4 42. Kh3 f6 43. gxf6+ Kxf6 44. g4 g5 45. h5 $11 Ke5 46.
h6 Rd6 47. Kg3 Rxh6 48. Kf3 Rh3+ 49. Kg2 Rc3 50. Bf7 Kf4 0-1

[Event "4NCL Division 4 South"]
[Site "Daventry, ENG"]
[Date "2018.11.18"]
[Round "2.21"]
[White "Mercs, Peter J"]
[Black "Evans, Craig"]
[Result "1/2-1/2"]
[WhiteElo "2080"]
[BlackElo "1992"]
[PlyCount "112"]
[EventDate "2018.11.18"]
[WhiteTeam "Ashfield 1"]
[BlackTeam "Celtic Tigers 2"]

1. e4 c5 2. Nf3 d6 3. d4 cxd4 4. Nxd4 Nf6 5. Nc3 a6 6. Be2 e5 7. Nb3 Be7 8. O-O
O-O 9. Be3 Nc6 10. f4 exf4 11. Rxf4 Be6 12. Nd5 Bxd5 13. exd5 Ne5 14. Rb4 Qc8
15. a4 Nfd7 16. a5 Bf6 17. c3 Re8 18. Qd2 g6 19. Bh6 Nc5 $11 20. Rf1 Nxb3 21.
Rxb3 Bd8 22. Qf4 Qc5+ 23. Kh1 Qxd5 24. c4 Qe6 25. Rxb7 g5 26. Qe4 Ng6 27. Qxe6
Rxe6 28. Rbxf7 Bf6 29. R7xf6 Rxe2 30. b4 Re4 31. c5 dxc5 32. bxc5 Re5 33. c6
Rxa5 $11 34. Rc1 Rc8 35. g3 Ra2 36. c7 Rd2 37. Bxg5 Rd7 38. Rfc6 Ne5 39. R6c3
Nd3 40. R1c2 Nb4 41. Rb2 a5 42. Bd8 Kf7 43. Rc5 Na6 44. Rf2+ Kg8 45. Rg5+ Rg7
46. Rgf5 h6 47. Rxa5 Nxc7 48. Bf6 Rf7 49. Rc5 Rcf8 50. Kg2 Ne6 51. Rcf5 Kh7 52.
h4 h5 53. R5f3 Kg6 54. Bc3 Rxf3 55. Rxf3 Rxf3 56. Kxf3 Kf5 1/2-1/2

[Event "4NCL Division 4 South"]
[Site "Daventry, ENG"]
[Date "2018.11.18"]
[Round "2.22"]
[White "Buttell, David"]
[Black "Combie, Alex B"]
[Result "1-0"]
[WhiteElo "1915"]
[BlackElo "2020"]
[PlyCount "97"]
[EventDate "2018.11.18"]
[WhiteTeam "Celtic Tigers 2"]
[BlackTeam "Ashfield 1"]

1. d4 Nf6 2. c4 g6 3. Nc3 Bg7 4. e4 d6 5. f3 O-O 6. Be3 c5 7. d5 e6 8. Qd2 exd5
9. cxd5 a6 10. a4 Nbd7 11. Nh3 Ne5 12. Nf2 Bd7 13. Be2 h5 14. O-O b5 15. axb5
axb5 16. Rxa8 Qxa8 17. Nxb5 Bxb5 18. Bxb5 Rb8 19. Be2 Qa2 20. b4 Qxd2 21. Bxd2
cxb4 22. Rb1 b3 23. Bd1 Nc4 24. Bc3 b2 25. Be2 Ne3 26. Rxb2 Rc8 27. Bd2 Nfxd5
28. exd5 Bxb2 29. Bxe3 Bc1 30. Bd4 Bb2 31. Bxb2 Rc2 32. Ba3 Rxe2 33. Ne4 Re1+
34. Kf2 Rd1 35. Bxd6 f5 36. Nf6+ Kf7 37. Be5 Rc1 38. Kg3 Rc8 39. f4 Rd8 40. Kh4
Ra8 41. g3 Ra2 42. Kh3 Rd2 43. d6 g5 44. fxg5 Kg6 45. Bf4 Ra2 46. d7 Ra8 47.
Bc7 Ra2 48. d8=Q Rc2 49. Qg8# 1-0

[Event "4NCL Division 4 South"]
[Site "Daventry, ENG"]
[Date "2018.11.18"]
[Round "2.23"]
[White "Garnett, John S"]
[Black "Tivillier, Jacques"]
[Result "1-0"]
[WhiteElo "1990"]
[BlackElo "1855"]
[PlyCount "29"]
[EventDate "2018.11.18"]
[WhiteTeam "Ashfield 1"]
[BlackTeam "Celtic Tigers 2"]

1. d4 c5 2. d5 g6 3. e4 d6 4. h3 Nf6 5. Nc3 Bg7 6. Nf3 O-O 7. Be2 Na6 8. O-O
Nc7 9. a4 e6 10. dxe6 Nxe6 11. Re1 Nh5 12. Nb5 Qf6 13. Qxd6 Rd8 14. e5 Bf8 15.
Qxf8+ 1-0

[Event "4NCL Division 4 South"]
[Site "Daventry, ENG"]
[Date "2018.11.18"]
[Round "2.24"]
[White "White, John"]
[Black "Naylor, Michael A"]
[Result "1/2-1/2"]
[WhiteElo "1780"]
[BlackElo "1990"]
[PlyCount "85"]
[EventDate "2018.11.18"]
[WhiteTeam "Celtic Tigers 2"]
[BlackTeam "Ashfield 1"]

1. e4 e5 2. Nf3 Nc6 3. d4 exd4 4. Nxd4 Nf6 5. Nxc6 bxc6 6. Bd3 d5 7. O-O dxe4
8. Re1 Be6 9. Be2 Bd6 10. Bg5 h6 11. Bh4 g5 12. Bg3 Bxg3 13. hxg3 Qxd1 14. Bxd1
O-O 15. Nd2 Bf5 16. Nc4 Rfe8 17. Ne3 Bg6 18. Be2 Rab8 19. Bc4 Kg7 20. b3 Rbd8
21. Rad1 Rd6 22. Rxd6 cxd6 23. Be2 d5 24. Rd1 Rd8 25. Kf1 Kf8 26. Rd4 Rd7 27.
Bg4 Rc7 28. Ra4 h5 29. Be2 Ke7 30. Ke1 Nd7 31. c3 f5 32. f4 gxf4 33. gxf4 Nc5
34. Rb4 Rb7 35. Rxb7+ Nxb7 36. g3 Nc5 37. Kd2 a5 38. Nc2 Ne6 39. Ke3 c5 40. a3
Kd6 41. Bb5 Nc7 42. Be2 Ne6 43. Bb5 1/2-1/2

[Event "4NCL Division 4 South"]
[Site "Daventry, ENG"]
[Date "2018.11.18"]
[Round "2.25"]
[White "Burke, Steven J"]
[Black "Sturt, Charles A"]
[Result "1-0"]
[WhiteElo "1990"]
[BlackElo "1720"]
[PlyCount "103"]
[EventDate "2018.11.18"]
[WhiteTeam "Ashfield 1"]
[BlackTeam "Celtic Tigers 2"]

1. d4 e6 2. e4 d5 3. exd5 exd5 4. Bd3 Bd6 5. Nf3 Ne7 6. c3 h6 7. Qc2 Be6 8. O-O
Nd7 9. Re1 c6 10. Nbd2 Qc7 11. Nf1 O-O-O 12. a4 Rdg8 13. b3 g5 14. Ba3 Ng6 15.
Rxe6 fxe6 16. Bxd6 Qxd6 17. Bxg6 h5 18. Re1 Rh6 19. Bd3 h4 20. Ne5 Nxe5 21.
Rxe5 h3 22. g3 Qf8 23. Be2 g4 24. Ne3 Rhg6 25. Nxg4 Rxg4 26. Bxg4 Rxg4 27. Qe2
Qa3 28. Kf1 Re4 29. Rxe4 dxe4 30. Qxe4 Qxb3 31. Ke2 Qxa4 32. Qxe6+ Kc7 33. Kd2
Qb5 34. Qe7+ Kb6 35. Qb4 Qxb4 36. cxb4 Kc7 37. g4 Kd6 38. f4 Ke6 39. Kd3 a6 40.
Kc4 b6 41. f5+ Kf6 42. d5 cxd5+ 43. Kxd5 a5 44. bxa5 bxa5 45. Kc4 Kg5 46. Kb5
Kxg4 47. f6 Kf3 48. f7 Kg2 49. f8=Q Kxh2 50. Qf2+ Kh1 51. Kxa5 h2 52. Qf1# 1-0

[Event "4NCL Division 4 South"]
[Site "Daventry, ENG"]
[Date "2018.11.18"]
[Round "2.26"]
[White "Cranston, Adam"]
[Black "Truman, Richard G"]
[Result "0-1"]
[WhiteElo "1720"]
[BlackElo "1952"]
[PlyCount "92"]
[EventDate "2018.11.18"]
[WhiteTeam "Celtic Tigers 2"]
[BlackTeam "Ashfield 1"]

1. d4 Nf6 2. Bf4 g6 3. Nc3 d5 4. e3 Bg7 5. h4 c5 6. Nb5 Na6 7. c3 cxd4 8. exd4
Bg4 9. Be2 Bxe2 10. Qxe2 O-O 11. Nf3 Qb6 12. a4 Rfe8 13. Ne5 Ne4 14. Qf3 f6 15.
Ng4 e5 16. Be3 exd4 17. Bxd4 Ng5+ 18. Kd1 Nxf3 19. Bxb6 Nxh4 20. Rxh4 axb6 21.
Ne3 Re4 22. Rh1 Nc5 23. Nxd5 Rd8 24. Nbc7 Nxa4 25. Kc2 Nc5 26. Rhe1 f5 27. f3
Re5 28. Nxb6 Nd3 29. Rxe5 Bxe5 30. Ncd5 Nf4 31. Nxf4 Bxf4 32. Ra8 Rxa8 33. Nxa8
Kf7 34. Kd3 Ke6 35. Kd4 h5 36. Nb6 h4 37. b4 g5 38. c4 g4 39. Nd5 Be5+ 40. Ke3
b5 41. f4 bxc4 42. Nb6 Bd4+ 43. Kxd4 h3 44. gxh3 gxh3 45. Nxc4 h2 46. b5 h1=Q
0-1

[Event "4NCL Division 4 South"]
[Site "Daventry, ENG"]
[Date "2018.11.18"]
[Round "2.31"]
[White "Levens, David G"]
[Black "Cooksey, Paul S"]
[Result "0-1"]
[WhiteElo "1936"]
[BlackElo "2279"]
[PlyCount "106"]
[EventDate "2018.11.18"]
[WhiteTeam "Ashfield 2"]
[BlackTeam "Crowthorne 1"]

1. e4 c6 2. d4 d5 3. exd5 cxd5 4. Bd3 Nc6 5. c3 Qc7 6. Qc2 Nf6 7. Nf3 Bg4 8.
Nbd2 e6 9. h3 Bh5 10. O-O Bd6 11. b3 O-O 12. Bb2 Rac8 13. a3 Rfd8 14. Rfe1 Bg6
15. c4 Bf4 16. Bxg6 hxg6 17. c5 Bxd2 18. Nxd2 Qf4 19. g3 Qf5 20. Qxf5 gxf5 21.
f3 g6 22. b4 a6 23. Nb3 Kg7 24. Bc3 Rh8 25. Kg2 g5 26. g4 Ne7 27. Bd2 Nh7 28.
a4 Ng6 29. b5 Nhf8 30. Na5 b6 31. Nc6 Nd7 32. gxf5 Nh4+ 33. Kh2 Nxf3+ 34. Kg3
Nxd2 35. Ne7 Ne4+ 36. Rxe4 dxe4 37. Nxc8 Rxc8 38. c6 Nf6 39. fxe6 fxe6 40. a5
bxa5 41. bxa6 Nd5 42. Rxa5 Kf6 43. a7 Ra8 44. Kf2 Ke7 45. Kg3 Kd6 46. Kg4 e3
47. Ra1 e2 48. Re1 Nc3 49. Kxg5 Rxa7 50. h4 Rf7 51. c7 Kxc7 52. Rc1 Kd6 53. h5
Nd1 0-1

[Event "4NCL Division 4 South"]
[Site "Daventry, ENG"]
[Date "2018.11.18"]
[Round "2.32"]
[White "Webb, Richard M"]
[Black "Flynn, David"]
[Result "1/2-1/2"]
[WhiteElo "2210"]
[BlackElo "1892"]
[PlyCount "48"]
[EventDate "2018.11.18"]
[WhiteTeam "Crowthorne 1"]
[BlackTeam "Ashfield 2"]

1. e4 e6 2. d3 c5 3. Nf3 Ne7 4. g3 g6 5. Bg2 Bg7 6. O-O Nbc6 7. Nbd2 O-O 8. Re1
d6 9. a4 e5 10. c3 h6 11. Nc4 Bg4 12. Ne3 Be6 13. Nd2 d5 14. exd5 Nxd5 15. Nxd5
Bxd5 16. Nc4 Bxg2 17. Kxg2 Qd5+ 18. Qf3 Rad8 19. Qxd5 Rxd5 20. Be3 f5 21. f3
Rfd8 22. a5 $11 Bf8 23. Bf2 Kf7 24. Ra3 Kf6 1/2-1/2

[Event "4NCL Division 4 South"]
[Site "Daventry, ENG"]
[Date "2018.11.18"]
[Round "2.33"]
[White "Gogia, Armaan"]
[Black "Coates, Kenneth G"]
[Result "1/2-1/2"]
[WhiteElo "1907"]
[BlackElo "2078"]
[PlyCount "66"]
[EventDate "2018.11.18"]
[WhiteTeam "Ashfield 2"]
[BlackTeam "Crowthorne 1"]

1. e4 d5 2. exd5 Qxd5 3. Nc3 Qd6 4. g3 Nf6 5. Bg2 c6 6. Nge2 g6 7. O-O Bg7 8.
d3 O-O 9. h3 Re8 10. Be3 Nbd7 11. a3 Nb6 12. Qd2 Nbd5 13. Bh6 Bh8 14. Ne4 Qc7
15. c4 Nxe4 16. Bxe4 Nf6 17. Bg2 e5 18. Nc3 Bf5 19. Ne4 Rad8 20. Qc2 Rd7 21.
Bg5 Nxe4 22. dxe4 Be6 23. Rad1 f6 24. Be3 $11 Red8 25. b3 b6 26. Kh2 Bg7 27.
Bf3 a5 28. Rxd7 Rxd7 29. Rd1 Rxd1 30. Qxd1 Bf8 31. a4 Bb4 32. Bg4 Bxg4 33. Qxg4
Bc3 1/2-1/2

[Event "4NCL Division 4 South"]
[Site "Daventry, ENG"]
[Date "2018.11.18"]
[Round "2.34"]
[White "Purdon, Colin"]
[Black "Graham, Neil"]
[Result "1/2-1/2"]
[WhiteElo "2053"]
[BlackElo "1810"]
[PlyCount "32"]
[EventDate "2018.11.18"]
[WhiteTeam "Crowthorne 1"]
[BlackTeam "Ashfield 2"]

1. d4 Nf6 2. c4 e5 3. dxe5 Ng4 4. e3 Nxe5 5. Nh3 d5 6. Qxd5 Qf6 7. Nc3 c6 8.
Qe4 Bf5 9. Qf4 Nbd7 10. Qg5 Bb4 11. Qxf6 Nxf6 12. Bd2 Bxh3 13. gxh3 Nf3+ 14.
Ke2 Nxd2 15. Kxd2 Ne4+ 16. Kc2 Nxf2 1/2-1/2

[Event "4NCL Division 4 South"]
[Site "Daventry, ENG"]
[Date "2018.11.18"]
[Round "2.35"]
[White "Hill, Maurice J"]
[Black "Tart, Peter K"]
[Result "0-1"]
[WhiteElo "1802"]
[BlackElo "1939"]
[PlyCount "100"]
[EventDate "2018.11.18"]
[WhiteTeam "Ashfield 2"]
[BlackTeam "Crowthorne 1"]

1. g3 f5 2. Bg2 Nf6 3. d3 e5 4. c4 Be7 5. Nc3 d6 6. e4 fxe4 7. dxe4 Nc6 8. Nge2
O-O 9. O-O Qe8 10. Nd5 Bd8 11. a3 a5 12. b3 Qh5 13. Nec3 Qxd1 14. Rxd1 Nd4 15.
Rb1 Ng4 16. Rf1 c6 17. Ne3 Nxe3 18. Bxe3 Nc2 19. Bc1 Bb6 20. h3 Ne1 21. Nd1
Nxg2 22. Kxg2 Be6 23. Be3 Bc7 24. a4 d5 25. cxd5 cxd5 26. Bc5 Rf7 27. Ne3 d4
28. Nd5 Bxd5 29. exd5 Rd8 30. d6 Bxd6 31. Bxd6 Rxd6 32. Rfe1 Re7 33. b4 axb4
34. Rxb4 e4 35. Rd1 Red7 36. Rb5 d3 37. Rb2 Kf7 38. Rbd2 Rd4 39. Ra1 Ke6 40.
Kf1 Rc4 41. Ke1 Rdc7 42. Kd1 Ke5 43. Rb2 Kd4 44. a5 e3 45. fxe3+ Kxe3 46. Rab1
Ra4 47. Rb5 Ra2 48. Re5+ Kd4 49. Rg5 Rf7 50. Rg4+ Ke3 0-1

[Event "4NCL Division 4 South"]
[Site "Daventry, ENG"]
[Date "2018.11.18"]
[Round "2.36"]
[White "Love, James"]
[Black "Taylor, Robert P"]
[Result "1-0"]
[WhiteElo "1622"]
[BlackElo "1742"]
[PlyCount "29"]
[EventDate "2018.11.18"]
[WhiteTeam "Crowthorne 1"]
[BlackTeam "Ashfield 2"]

1. e4 Nc6 2. Nf3 d6 3. d4 Bg4 4. Bc4 e6 5. Be3 Nge7 6. Nc3 a6 7. d5 Ne5 8. Bb3
exd5 9. Bxd5 Nxd5 10. Nxd5 Nxf3+ 11. gxf3 Be6 12. Qd2 Qd7 13. O-O-O O-O-O 14.
Qc3 f6 15. Nb6+ 1-0

[Event "4NCL Division 4 South"]
[Site "Daventry, ENG"]
[Date "2018.11.18"]
[Round "2.41"]
[White "Wilks, Simon"]
[Black "Gundry, Arran K"]
[Result "1-0"]
[WhiteElo "2102"]
[BlackElo "1945"]
[PlyCount "81"]
[EventDate "2018.11.18"]
[WhiteTeam "All Anands on Deck"]
[BlackTeam "Banbury Bulldogs"]

1. e4 e6 2. d4 d5 3. Nc3 Nf6 4. Bg5 Bb4 5. e5 h6 6. Be3 Ne4 7. Qg4 g6 8. a3
Bxc3+ 9. bxc3 c5 10. Bd3 Qa5 11. Ne2 cxd4 12. Bxd4 Nc5 13. Bxc5 Qxc5 14. Qd4
Nd7 15. f4 Qe7 16. O-O a6 17. a4 Nc5 18. a5 Bd7 19. Rfd1 Rc8 20. Rab1 O-O 21.
Rf1 f5 22. exf6 Qxf6 23. Qe3 Rf7 24. Nd4 Be8 25. Be2 Ne4 26. c4 Rfc7 27. Rb6
Bc6 28. Bg4 Nc5 29. Nxe6 Re7 30. Qxc5 Rxe6 31. Bxe6+ Qxe6 32. cxd5 Qf5 33. c4
Bb5 34. Qe7 Re8 35. Qc7 Rc8 36. Rxg6+ Qxg6 37. Qxc8+ Be8 38. Re1 Kf8 39. d6 Qf7
40. Rxe8+ Qxe8 41. d7 1-0

[Event "4NCL Division 4 South"]
[Site "Daventry, ENG"]
[Date "2018.11.18"]
[Round "2.42"]
[White "Rowan, Daniel"]
[Black "Waller, Dan"]
[Result "1/2-1/2"]
[WhiteElo "1807"]
[BlackElo "2117"]
[PlyCount "58"]
[EventDate "2018.11.18"]
[WhiteTeam "Banbury Bulldogs"]
[BlackTeam "All Anands on Deck"]

1. d4 f5 2. e4 fxe4 3. Nc3 Nf6 4. Bg5 Nc6 5. d5 Ne5 6. Qe2 c6 7. O-O-O Qb6 8.
Bxf6 gxf6 9. d6 f5 10. Qh5+ Nf7 11. Qxf5 Nxd6 12. Qe5 Nf7 13. Qxe4 Bh6+ 14. Kb1
d5 15. Qh4 Bg5 16. Qg3 Bf6 17. Nge2 Bf5 18. Qf4 Nd6 19. Nd4 Be4 20. Nb3 a5 21.
f3 Bxc3 22. fxe4 Nxe4 23. Bd3 Nf2 24. bxc3 Nxd1 25. Rxd1 a4 26. Qe5 Rf8 27. Re1
Rf7 28. Qh8+ Rf8 29. Qe5 Rf7 1/2-1/2

[Event "4NCL Division 4 South"]
[Site "Daventry, ENG"]
[Date "2018.11.18"]
[Round "2.43"]
[White "Penna, Tommaso"]
[Black "Hibbitt, Arthur M"]
[Result "1-0"]
[WhiteElo "1956"]
[BlackElo "1777"]
[PlyCount "51"]
[EventDate "2018.11.18"]
[WhiteTeam "All Anands on Deck"]
[BlackTeam "Banbury Bulldogs"]

1. d4 d6 2. e4 Nf6 3. Nc3 Nbd7 4. Nge2 e5 5. g3 c6 6. a4 Be7 7. Bg2 a5 8. O-O
O-O 9. h3 Qc7 10. Be3 exd4 11. Nxd4 Ne5 12. b3 Be6 13. f4 Bc8 14. fxe5 dxe5 15.
Nf5 Bxf5 16. Rxf5 Rad8 17. Qf3 Nd7 18. Qf2 f6 19. Bf1 Bb4 20. Bc4+ Kh8 21. Ne2
Qd6 22. g4 Nc5 23. Rh5 Ne6 24. Qh4 Rd7 25. Rxh7+ Kg8 26. Qh5 1-0

[Event "4NCL Division 4 South"]
[Site "Daventry, ENG"]
[Date "2018.11.18"]
[Round "2.44"]
[White "Evans, Christopher J"]
[Black "Cavendish, Joshua Z"]
[Result "0-1"]
[WhiteElo "1761"]
[BlackElo "1937"]
[PlyCount "60"]
[EventDate "2018.11.18"]
[WhiteTeam "Banbury Bulldogs"]
[BlackTeam "All Anands on Deck"]

1. e4 c5 2. Nf3 d6 3. d4 cxd4 4. Nxd4 Nf6 5. Nc3 a6 6. Bg5 e6 7. f4 Be7 8. Qf3
Qc7 9. O-O-O Nbd7 10. g4 h6 11. Bxf6 Bxf6 12. h4 Qb6 13. Nb3 Nc5 14. g5 Be7 15.
f5 hxg5 16. fxe6 Nxb3+ 17. axb3 Bxe6 18. Nd5 Bxd5 19. Rxd5 Rxh4 20. Rxh4 gxh4
21. Bh3 Rd8 22. Rd1 Bg5+ 23. Kb1 Qe3 24. Qf5 g6 25. Qf1 Kf8 26. Rd3 Qxe4 27.
Rf3 Qe7 28. Qd3 Re8 29. Qd5 Bf6 30. Qd3 Qe1+ 0-1

[Event "4NCL Division 4 South"]
[Site "Daventry, ENG"]
[Date "2018.11.18"]
[Round "2.45"]
[White "Jones, Tibor"]
[Black "Martin, Nick J"]
[Result "0-1"]
[WhiteElo "1945"]
[BlackElo "1761"]
[PlyCount "64"]
[EventDate "2018.11.18"]
[WhiteTeam "All Anands on Deck"]
[BlackTeam "Banbury Bulldogs"]

1. d4 Nf6 2. Nf3 g6 3. Bg5 Bg7 4. Nbd2 d5 5. e3 O-O 6. Bd3 b6 7. b4 Bb7 8. Bxf6
Bxf6 9. b5 Nd7 10. Nb3 e5 11. Be2 e4 12. Nfd2 Bg7 13. c4 c6 14. Rc1 cxb5 15.
cxd5 Bxd5 16. Bxb5 Rc8 17. Ba6 Rxc1 18. Qxc1 Qg5 19. O-O f5 20. Qc7 Nf6 21. Bc4
Bxc4 22. Qxc4+ Kh8 23. g3 Ng4 24. Re1 h5 25. Nf1 h4 26. Qc7 h3 27. Rc1 Qh5 28.
Nbd2 g5 29. d5 f4 30. Nxe4 fxe3 31. fxe3 Ne5 32. Nfd2 Qe2 0-1